000 00854cab a22002175a 4500
001 L141818
008 071221e20071130xxkd f s 000 0 eng d
035 _a(Sirsi) u141818
041 0 _aeng
100 1 _aJohnston, Bryan
245 0 0 _aPlanning consultancy survey 2007
260 _c2007
490 _aPlanning
_v30 November 2007, 15-39(14)
520 _aPresents the results of a survey of property developers and planning firms. Reports on market growth and value. Presents a league table of employers of chartered town planners and the fastest growing planning teams. Also lists the main planning teams in each UK region. Lists the planning teams specialising in various areas.
590 _aKA
651 4 _aUnited Kingdom
_y
690 _aPlanning and development
_96259
700 1 _aCarnell, Paul
700 1 _aShiel, Vicki
942 _n0
999 _c79598
_d79598